Control de gestión (Registro nro. 2347)
[ vista simple ]
| 000 -LEADER | |
|---|---|
| fixed length control field | 01341 a2200217 4500 |
| 001 - CONTROL NUMBER | |
| control field | 33387 |
| 005 - DATE AND TIME OF LATEST TRANSACTION | |
| control field | 20260407155626.0 |
| 008 - FIXED-LENGTH DATA ELEMENTS--GENERAL INFORMATION | |
| fixed length control field | 260407a1969 arg spa d |
| 003 - CONTROL NUMBER IDENTIFIER | |
| control field | AR-UNSa-BCEJYS |
| 040 ## - CATALOGING SOURCE | |
| Original cataloging agency | AR-UNSa-BCEJYS |
| Language of cataloging | spa |
| Transcribing agency | AR-UNSa-BCEJYS |
| 080 ## - UNIVERSAL DECIMAL CLASSIFICATION NUMBER | |
| Universal Decimal Classification number | 658.012.4 |
| Common auxiliary subdivision | Gestión. Dirección. Autoridad. Técnicas y métodos de gestión (gestión del conocimiento, Outsourcing, Benchmarking...) |
| 100 1# - MAIN ENTRY--PERSONAL NAME | |
| Personal name | Rose, T.G. |
| 245 10 - TITLE STATEMENT | |
| Title | Control de gestión |
| 250 ## - EDITION STATEMENT | |
| Edition statement | 5a. ed |
| 264 #1 - PRODUCTION, PUBLICATION, DISTRIBUTION, MANUFACTURE, AND COPYRIGHT NOTICE | |
| Place of production, publication, distribution, manufacture | Bilbao : |
| Name of producer, publisher, distributor, manufacturer | Ediciones Deusto |
| Date of production, publication, distribution, manufacture, or copyright notice | 1969 |
| 300 ## - PHYSICAL DESCRIPTION | |
| Extent | 357 p. |
| Dimensions | 21 cm. |
| 505 ## - FORMATTED CONTENTS NOTE | |
| Formatted contents note | I: Introducción al control de gestión : 1. La dirección de la empresa y el control de gestión - 2. Las bases de comparación - 3. La presentación de las estadísticas - 4. Estructura de las operaciones de control de gestión - II: El método del control de gestión: 5. Teoría del control de gestión - 6. La situación comercial - 7. La situación técnica - 8. La situación económica - 9. La situación financiera - III: Estimación de los resultados: 10. El examen de la situación - 11. Resúmenes de datos para el consejo de administración e informes de control de gestión - IV: Conclusiones: 12. Aplicaciones prácticas del control de gestión- Apéndice |
| 590 ## - LOCAL NOTE (RLIN) | |
| Local note | niveau_biblio:m niveau_hierar:0 |
| 700 1# - ADDED ENTRY--PERSONAL NAME | |
| Personal name | Irala Urrutia, Javier |
| 942 ## - ADDED ENTRY ELEMENTS (KOHA) | |
| Koha item type | |
| Withdrawn status | Lost status | Damaged status | Not for loan | Home library | Current library | Shelving location | Date acquired | Total checkouts | Full call number | Barcode | Date last seen | Price effective from | Koha item type |
|---|---|---|---|---|---|---|---|---|---|---|---|---|---|
| Biblioteca Prof. Eusebio Cleto del Rey | Biblioteca Prof. Eusebio Cleto del Rey | 07/04/2026 | 658.012.4 R795 | L24385 | 07/04/2026 | 07/04/2026 | Libro |